| 000 | 00598nam a2200181Ia 4500 | ||
|---|---|---|---|
| 003 | GCL | ||
| 008 | 140319s9999 xx 000 0 ara d | ||
| 040 |
_aGCL / _cGCL |
||
| 082 | 0 | 4 |
_a338.9 _bا ت |
| 100 | 1 | _aحازم الببلاوى | |
| 245 | 1 | 0 |
_aالتعاون الاقتصادى العربى / _cحازم الببلاوى |
| 700 | 1 | _aابراهيم شحاتة | |
| 300 | _a82 ص | ||
| 490 |
_aالهيئة العامة للاستعلامات _v0 |
||
| 650 | 0 | 4 | _aالتعاون , اقتصاد |
| 650 | 0 | 4 | _aالعالم العربى - الاحوال الاقتصادية |
| 942 |
_2ddc _cBK |
||
| 999 |
_c47133 _d47133 |
||